000 00873nam a2200241 a 4500
001 000048634
003 DO-SdBNP
005 20260305073959.0
008 190405s2015 dr a 001 0 spa d
020 _a9789945084528
040 _aDO-SdBNP
_bspa
_cBNPHU
082 _axxxx
_bB171T
100 1 _a Balaguer, Joaquín,
_d1906-2002
_976556
245 1 0 _aTrujillo y su obra :
_bapuntes sobre la vida y la obra política de un Jefe de Estado /
_cJoaquín Balaguer ; compilación, presentación y notas de Cándido Gerón.
260 _aSanto Domingo, :
_bCentenario,
_c2015.
300 _a322 p. ; :
_bil. ;
_c23 cm.
500 _aIncluye notas a pie de página
500 _aIncluye datos biografícos del compilador.
500 _aIncluye índice onomástico
590 _aInventariado, 2019/ YL
700 1 2 _aGerón, Candido,
_d1948-
_ecomp.
_93577
942 _2ddc
_cLBS1
999 _c48122
_d48122